Statistics for Biggest Cities in Canada

Click here to take the quiz!

General Stats

  • This quiz has been taken 140 times
    (97 since last reset)
  • The average score is 15 of 30

Answer Stats

HintAnswer% Correct
1Toronto, ON
99%
3Vancouver, BC
96%
2Montreal, QC
89%
4Calgary, AB
83%
6Ottawa-Gatineau, ON
83%
8Winnipeg, MN
80%
5Edmonton, AB
79%
7Quebec City, QC
77%
14Halifax, NS
67%
18Regina, SK
67%
17Saskatoon, SK
58%
12Victoria, BC
57%
11London, ON
55%
9Hamilton, ON
50%
20St John's, NL
50%
16Windsor, ON
46%
30Thunder Bay, ON
39%
10Kitchener, ON
35%
13St Catharines-Niagara, ON
32%
26Kingston, ON
27%
15Oshawa, ON
27%
28Sudbury, ON
26%
22Kelowna, BC
24%
21Abbotsford, BC
21%
23Sherbrooke, QC
21%
27Moncton, NB
19%
19Barrie, ON
18%
25Guelph, ON
18%
24Trois Rivieres, QC
18%
29Chicoutimi-Jonquiere, QC
5%

Score Distribution

Percentile by Number Answered

Percent of People with Each Score

Your Score History

You have not taken this quiz since the last reset